000 01008nam a22003137a 4500
003 CHAP
005 20220329141513.0
008 971013s1989 r 00010 d
010 _a69216
011 _a70188
035 _a79668
040 _cCHAP
090 _aTesis
100 0 0 _aGómez Esquivel, Rigoberto.
_949689
245 _aElaboración, análisis y principales usos de las harinas de trigo
260 _aMarín, N. L. :
_bEl autor,
_c1989
300 _a70 h.
502 _aTesis (Ing. en Industrias Alimentarias) -- Univ. Autónoma de Nuevo León. Fac. de Agronomía
590 _aALEPH
_b10
_c20130110
_lUCH01
_h1407
590 _aBATCH-UPD
_b10
_c20130110
_lUCH01
_h0549
590 _aBATCH-UPD
_b10
_c20130410
_lUCH01
_h0230
590 _aBATCH-UPD
_b10
_c20130914
_lUCH01
_h1549
590 _aCONVERSION
_b10
_c20130109
_lUCH01
_h1338
650 1 4 _aHarina.
_952679
650 1 4 _aHarina
_xAnálisis.
_952681
901 _aBK
942 _cTESIS
949 _bBC
_cTES
_d-32557
_eTS1
_h22178
_i79668
_si
999 _c69216
_d69216